LEADER 00881nam a2200241 i 4500 001 000000249533 003 CaOOAMICUS 005 20211213142424.0 008 160530s2016 it u000 u ita u 013 $a228438 020 $a978-88-394-0893-8 040 $aSeMil$bita 245 10$a2. 264 1$aBrescia :$bPaideia,$c2016. 300 $aP. 592-1118 ;$c22 cm. 773 0 $aBoring, M. Eugene$tIntroduzione al Nuovo Testamento.$dBrescia : Paideia, 2016.$kBiblioteca del Commentario Paideia$g2$w()5293 850 $aSeMil 852 $aSeMil$W1$xVenegono$y1$m2WA B 3$j231034$B199879$CSeMilBibl$Z2$F211397 $81 961 $aAcquisto: Paideia 996 $6020$a978-88-394-0893-8$9(OLS)http://semarc/number/259693 996 $6245$a2$9(OLS)http://semarc/title/46889 996 $6264$aBrescia :$bPaideia$9(OLS)http://semarc/publisher/29614 LEADER 00537nam a2200169 i 4500 001 000000242028 003 CaOOAMICUS 005 20150526000000.0 008 150526s1857 it u000 u ita u 013 $a220933 040 $aSeMil$bita 245 10$aVol. 2. 300 $a535 p. 773 0 $aDandolo, Tullio <1801-1870>$tRoma ed i papi.$dMilano : Volpato e C., 1857.$g2$w()31929 850 $aSeMil 852 $aSeMil$W1$xVenegono$y1$m3F II 2 FA$j192374$B192374$CSeMilBibl$Z2$F203203 $8I 996 $6245$aVol. 2$9(OLS)http://semarc/title/13458